| 000 | 00000nam 2200000zi 4500 |
| 001 | 9.946597 |
| 003 | CaOODSP |
| 005 | 20250121091710 |
| 006 | m o d f |
| 007 | cr bn||||||||| |
| 008 | 250107s1965 oncad obfu f000 0 eng d |
| 040 | |aCaOODSP|beng|erda|cCaOODSP |
| 043 | |an-cn--- |
| 086 | 1 |aNR24-28/1965-3E-PDF |
| 245 | 00|aStructural information for building design in Canada 1965 : |bsupplement no. 3 to the National Building Code of Canada / |cissued by the Associate Committee on the National Building Code. |
| 246 | 10|aSupplement no. 3 to the National Building Code of Canada |
| 264 | 1|aOttawa, Canada : |bNational Research Council, |c1965. |
| 300 | |a1 online resource (47 pages, 2 unnumbered pages) : |billustrations, graphs |
| 336 | |atext|btxt|2rdacontent |
| 337 | |acomputer|bc|2rdamedia |
| 338 | |aonline resource|bcr|2rdacarrier |
| 500 | |aCover title. |
| 500 | |aIssued also in French under title: Renseignements de construction pour le calcul des bâtiments au Canada 1965 : supplément no 3 au Code national du bâtiment (Canada). |
| 504 | |aIncludes bibliographical references. |
| 520 | |a"The purpose of this Supplement to the Code is to transfer certain design information from the Code to a separate document where it can be treated in detail. The current edition includes information on loads due to wind, snow, earthquake as well as information on stability under compressive stress"--Preface, page [1]. |
| 650 | 0|aBuilding laws|zCanada. |
| 650 | 0|aBuildings|xStandards|zCanada. |
| 650 | 0|aLoad factor design|vHandbooks, manuals, etc. |
| 655 | 7|aHandbooks and manuals|2lcgft |
| 710 | 2 |aNational Research Council of Canada. |bAssociate Committee on the National Building Code, |eissuing body. |
| 775 | 08|tRenseignements de construction pour le calcul des bâtiments au Canada 1965 : |w(CaOODSP)9.946747 |
| 795 | |tHandbook of pressure coefficients for wind loads 1961 : |w(CaOODSP)9.946554 |
| 856 | 40|qPDF|s2.67 MB|uhttps://publications.gc.ca/collections/collection_2025/cnrc-nrc/NR24-28-1965-3-eng.pdf |
| 986 | |a8331 |